[Event "It"]
[Site "masterchessopen.com - Budapest (Hungary)"]
[Round "9"]
[White "Bordas Gyula (HUN)"]
[Black "Grabics Monika (HUN)"]
[Result "0-1"]
[WhiteElo "2165"]
[BlackElo "2355"]

1.c4 e5 2.Nc3 Nc6 3.Nf3 f5 4.d4 e4 5.Ng5 h6 6.Nh3 Nf6 7.f3 Bb4 8.g3 exf3
9.exf3 Qe7+ 10.Kf2 Nxd4 11.Kg2 Bxc3 12.bxc3 Ne6 13.Bd3 g6 14.Nf4 Kf7 15.Re1 b6
16.Rb1 Bb7 17.c5 Qxc5 18.Qb3 Qc6 19.Rf1 a6 20.Ba3 Rhe8 21.Rbe1 Kg7 22.Nxg6
Kxg6 23.Bxf5+ Kg7 24.Be4 Nxe4 25.Rxe4 Ng5 26.Rg4 Re2+ 27.Kg1 Kh7 28.Rxg5 hxg5
29.Qf7+ Kh6 30.h4 gxh4 31.Be7 {#R} 0-1

[Event "Olympiad"]
[Site "masterchessopen.com - Elista (Russia)"]
[Round "5"]
[White "Stefansson Hannes (ISL)"]
[Black "Urday Henry (PER)"]
[Result "1-0"]
[WhiteElo "2535"]
[BlackElo "2475"]

1.c4 e5 2.Nc3 Nc6 3.Nf3 f5 4.d4 e4 5.Ng5 Nf6 6.Nh3 Bb4 7.Bd2 Nxd4 8.Nxe4 Bxd2+
9.Nxd2 d6 10.e3 Nc6 11.Nf4 Ne5 12.Be2 Bd7 13.O-O O-O 14.Qb3 Kh8 15.Qxb7 Rb8
16.Qxa7 Rxb2 17.Qd4 Rc2 18.Bd1 Nc6 19.Qd3 Rb2 20.Bb3 Qe7 21.Nd5 Qe8 22.Nxc7
Qb8 23.Nd5 Nxd5 24.cxd5 Qb4 25.dxc6 Rxd2 26.Qa6 Bc8 27.Qc4 Qa5 28.Rfd1 f4
29.Rxd2 Qxd2 30.Rd1 {#r} 1-0

[Event "It (open)"]
[Site "masterchessopen.com - Mondariz (Spain)"]
[Round "0"]
[White "Nikcevic Nebojsa (MNE)"]
[Black "Peric Slavisa (SRB)"]
[Result "1-0"]
[WhiteElo "2480"]
[BlackElo "2150"]

1.c4 e5 2.Nc3 Nc6 3.Nf3 f5 4.g3 e4 5.Nh4 d6 6.d3 Be7 7.Ng2 exd3 8.Qxd3 Ne5
9.Qc2 Bd7 10.Ne3 Nh6 11.Ned5 Nhf7 12.Nxe7 Qxe7 13.Nd5 Qd8 14.f4 Ng4 15.Qc3 c6
16.h3 Ngh6 17.Qe3+ Kf8 18.Nc3 Qa5 19.Bd2 Ng8 20.Qd3 Qc7 21.Bg2 Ne7 22.O-O-O
Rd8 23.e4 a6 24.exf5 Bxf5 25.Be4 Bxe4 26.Nxe4 d5 27.Nc5 Qc8 28.Rhe1 Rd6 29.Qe2
Ng6 30.Nxb7 {#r} 1-0

[Event "Ch Moscow (open)"]
[Site "masterchessopen.com - Moscow (Russia)"]
[Round "8"]
[White "Leontiev Aleksandr V (RUS)"]
[Black "Gersov Evgeny (USA)"]
[Result "0-1"]
[WhiteElo "2340"]
[BlackElo "2275"]

1.c4 e5 2.Nc3 Nc6 3.Nf3 f5 4.d4 e4 5.Ng5 Be7 6.Nh3 Nf6 7.f3 O-O 8.g3 Kh8 9.Nf4
Bb4 10.a3 Bxc3+ 11.bxc3 d5 12.cxd5 Nxd5 13.Nxd5 Qxd5 14.Bg2 Qc4 15.Bd2 Be6
16.fxe4 fxe4 17.Bxe4 Nxd4 18.cxd4 Qxd4 19.Qb1 Bg4 20.Bd3 Rae8 21.Kd1 c5 22.h3
Bd7 23.Ra2 c4 24.Bxh7 c3 25.Qd3 Ba4+ 26.Kc1 cxd2+ 27.Kxd2 Qc5 28.Rc2 Bxc2
29.Qxc2 Qe3+ 30.Kd1 Rc8 {#R} 0-1

[Event "It (open)"]
[Site "masterchessopen.com - Bizovac (Croatia)"]
[Round "4"]
[White "Kovacevic Blazimir (CRO)"]
[Black "Medak Bojan (CRO)"]
[Result "1-0"]
[WhiteElo "2447"]
[BlackElo "2208"]

1.c4 e5 2.Nc3 Nc6 3.Nf3 f5 4.g3 Nf6 5.d4 e4 6.Nh4 d5 7.Bg5 dxc4 8.e3 h6 9.Bxf6
Qxf6 10.Qh5+ Kd8 11.Ng6 Qf7 12.Qh4+ Be7 13.Nxh8 Qe8 14.Qh3 Na5 15.Be2 Qxh8
16.g4 g6 17.gxf5 gxf5 18.Rg1 c6 19.Rg6 Bf8 20.Qg3 {#r} 1-0

[Event "It (open)"]
[Site "masterchessopen.com - Budapest (Hungary)"]
[Round "9"]
[White "Hocevar Nikola (SLO)"]
[Black "Schuetz Peter (SVK)"]
[Result "0-1"]
[WhiteElo "2174"]
[BlackElo "2042"]

1.c4 e5 2.Nc3 Nc6 3.Nf3 f5 4.d4 e4 5.Nd2 Nf6 6.e3 g6 7.Be2 Bg7 8.O-O O-O 9.f4
d6 10.Rb1 a5 11.b3 Bd7 12.Qe1 Qe7 13.Bb2 Nd8 14.d5 h6 15.Qg3 Kh7 16.Kf2 g5
17.Ke1 g4 18.Qf2 Nh5 19.g3 Bf6 20.Bd1 Qg7 21.Rc1 Qe7 22.Ndb1 b6 23.Qd2 Nb7
24.Ba3 Nc5 25.Be2 Ng7 26.Kf2 h5 27.Bxc5 dxc5 28.a4 h4 29.Rcd1 Ne8 30.Rh1 Nd6
31.Qc1 {#R} 0-1

[Event "Ch Provincial (1/2 final)"]
[Site "masterchessopen.com - Cuba"]
[Round "0"]
[White "Elissalt Cardenas Hector (CUB)"]
[Black "Lopez Bruci (USA)"]
[Result "1-0"]
[WhiteElo "2267"]
[BlackElo "2257"]

1.c4 e5 2.Nc3 Nc6 3.Nf3 f5 4.d4 e4 5.Ng5 Nf6 6.h4 g6 7.h5 Nxh5 8.Rxh5 gxh5
9.Bf4 h6 10.Nh3 Rg8 11.d5 Nb4 12.a3 Na6 13.d6 cxd6 14.Qd5 Rg6 15.Qxf5 Qf6
16.Qxe4+ Qe6 17.Qc2 Nc7 18.O-O-O b6 19.Bh2 Rg8 20.Nf4 Qxc4 21.e3 Qc5 22.Be2
Bb7 23.Bxh5+ Kd8 24.Kb1 Nb5 25.Nxb5 Qxb5 26.Qh7 Rg7 27.Qh8 Be4+ 28.Ka1 Kc7
29.Bf3 Qa4 {#r} 1-0

[Event "Hessenliga 1999/00"]
[Site "masterchessopen.com - Germany"]
[Round "1"]
[White "Solonar Stefan (GER)"]
[Black "Eberhardt Olaf (GER)"]
[Result "0-1"]
[WhiteElo "2319"]
[BlackElo "2218"]

1.c4 e5 2.Nc3 Nc6 3.Nf3 f5 4.d4 e4 5.Ng1 Nf6 6.Nh3 Be7 7.Bg5 Ng4 8.Bxe7 Nxe7
9.e3 O-O 10.Be2 Nf6 11.O-O d6 12.b4 h6 13.d5 g5 14.Qd4 Ng6 15.Kh1 Qe7 16.c5 f4
17.Ng1 Nh4 18.cxd6 cxd6 19.Rac1 Nf5 20.Qd2 Qe5 21.Nb5 Bd7 22.Nc7 Rac8 23.Qc3
Qxc3 24.Rxc3 fxe3 25.fxe3 Nxe3 26.Rfc1 Nf5 27.Bd1 Ng7 28.Bb3 Ng4 29.Nh3 Ne5
30.Kg1 Nd3 31.Rb1 g4 {#R} 0-1

[Event "Oberliga East B 1999/00"]
[Site "masterchessopen.com - Germany"]
[Round "2"]
[White "Schlamp Robert (GER)"]
[Black "Alber Horst (GER)"]
[Result "1-0"]
[WhiteElo "2292"]
[BlackElo "2329"]

1.c4 e5 2.Nc3 Nc6 3.Nf3 f5 4.d4 e4 5.d5 exf3 6.dxc6 fxg2 7.cxd7+ Qxd7 8.Qxd7+
Bxd7 9.Bxg2 O-O-O 10.Bf4 Nf6 11.O-O Bb4 12.Rac1 Bxc3 13.Rxc3 Rhe8 14.Ra3 Kb8
15.Be3 a6 16.b4 Be6 17.Rc3 Ng4 18.Bf4 Bf7 19.b5 Rd4 20.bxa6 Rxf4 21.Rb1 Rxe2
22.a7+ {#r} 1-0

[Event "It (open)"]
[Site "masterchessopen.com - Hassloch (Germany)"]
[Round "2"]
[White "Heinrich Stefanie (GER)"]
[Black "Braeuner Uwe (GER)"]
[Result "1-0"]
[WhiteElo "2175"]
[BlackElo "2176"]

1.c4 e5 2.Nc3 Nc6 3.Nf3 f5 4.d4 e4 5.Bg5 Be7 6.Bxe7 Ngxe7 7.Ng1 O-O 8.e3 d6
9.Nge2 Kh8 10.Nf4 Qe8 11.Be2 Ng6 12.Bh5 Nxf4 13.Bxe8 Nd3+ 14.Kf1 Rxe8 15.Rb1
Bd7 16.Nd5 Rac8 17.b3 Be6 18.Nf4 Nxf4 19.exf4 d5 20.c5 Nb4 21.Qd2 Nd3 22.Ke2
c6 23.Rhd1 b6 24.b4 b5 25.Kf1 {#r} 1-0

[Event "It (open)"]
[Site "masterchessopen.com - Paris (France)"]
[Round "5"]
[White "Lauer Ludovic (FRA)"]
[Black "Codirlasu Alina (ROM)"]
[Result "1-0"]
[WhiteElo "2134"]
[BlackElo "2035"]

1.c4 e5 2.Nc3 Nc6 3.Nf3 f5 4.d4 e4 5.Ne5 Nxe5 6.dxe5 Ne7 7.Bg5 b6 8.e3 Bb7
9.g4 h6 10.Bh4 fxg4 11.Qxg4 h5 12.Qg5 g6 13.O-O-O Bh6 14.Qg2 Rg8 15.Nxe4 Bxe4
16.Qxe4 g5 17.Qh7 gxh4 18.Qxh6 Nc6 19.Qxh5+ Kf8 20.Qh6+ Ke8 21.e6 {#r} 1-0

[Event "Ch Poland (team) (2nd liga)"]
[Site "masterchessopen.com - Polanica Zdroj (Poland)"]
[Round "4"]
[White "Kulesza Kamil (POL)"]
[Black "Pieprzka Przemyslaw (POL)"]
[Result "1-0"]
[WhiteElo "2120"]
[BlackElo "2050"]

1.c4 e5 2.Nc3 Nc6 3.Nf3 f5 4.d4 e4 5.Ng5 Be7 6.Nh3 Nf6 7.g3 d5 8.cxd5 Nxd5
9.e3 Be6 10.a3 O-O 11.Nxd5 Bxd5 12.Nf4 Bf6 13.Qc2 Kh8 14.Bd2 Qd6 15.Bg2 a5
16.O-O Bf7 17.Rac1 g5 18.Ne2 Bh5 19.Rfe1 Bxe2 20.Rxe2 Rae8 {#r} 1-0

[Event "Ch Croatia (open)"]
[Site "masterchessopen.com - Pula (Croatia)"]
[Round "9"]
[White "Pahor Andrea (CRO)"]
[Black "Poljakovic Sejfudin (CRO)"]
[Result "1-0"]
[WhiteElo "2070"]
[BlackElo "1951"]

1.c4 e5 2.Nc3 Nc6 3.Nf3 f5 4.d3 Nf6 5.g3 Bb4 6.Bd2 O-O 7.Bg2 e4 8.dxe4 fxe4
9.Ng5 Bxc3 10.Bxc3 d5 11.cxd5 Nxd5 12.Nxe4 Nxc3 13.Nxc3 Qxd1+ 14.Rxd1 Bf5
15.O-O Rad8 16.Nb5 Rxd1 17.Rxd1 Rc8 18.Bxc6 bxc6 19.Nxa7 Ra8 20.Nxc6 Rxa2
21.Ne7+ {#r} 1-0

[Event "Ch Croatia (team) (2nd league)"]
[Site "masterchessopen.com - Pula (Croatia)"]
[Round "9"]
[White "Galic Zeljko (BIH)"]
[Black "Medak Bojan (CRO)"]
[Result "1-0"]
[WhiteElo "2394"]
[BlackElo "2208"]

1.c4 e5 2.Nc3 Nc6 3.Nf3 f5 4.d4 e4 5.Ng5 Nf6 6.Nh3 Be7 7.e3 O-O 8.Nf4 Kh8 9.h4
a6 10.Be2 Qe8 11.a3 Nd8 12.g3 Ne6 13.d5 Nxf4 14.gxf4 d6 15.h5 h6 16.b3 c6
17.Bb2 Qf7 18.Rg1 Ng4 19.Bxg4 fxg4 20.Nxe4 Qxh5 21.Qd4 Qg6 22.O-O-O cxd5
23.Qxd5 Be6 24.Qxb7 Rfe8 25.Nxd6 Rab8 26.Qc7 Bxd6 27.Rxd6 Rxb3 28.f5 {#r} 1-0

[Event "It (open)"]
[Site "masterchessopen.com - Sao Paulo (Brazil)"]
[Round "3"]
[White "Toth Christian Endre (BRA)"]
[Black "Melao Hindemburg (BRA)"]
[Result "1-0"]
[WhiteElo "2365"]
[BlackElo "2158"]

1.c4 e5 2.Nc3 Nc6 3.Nf3 f5 4.g3 Nf6 5.Bg2 Bc5 6.O-O d6 7.Na4 Be6 8.Nxc5 dxc5
9.d3 Qe7 10.b4 cxb4 11.Bb2 Nd7 12.a3 Bf7 13.axb4 Nxb4 14.Nh4 g6 15.Bxb7 Rb8
16.Rxa7 O-O 17.Bg2 Qc5 18.Rb7 Rxb7 19.Bxb7 Rb8 20.Bg2 Na2 21.Ba1 Qb4 22.Bc6
Rd8 23.Qb1 {#r} 1-0

[Event "It (open)"]
[Site "masterchessopen.com - Sitges (Spain)"]
[Round "3"]
[White "Arias Boo Guillermo (ESP)"]
[Black "Stefanova Antoaneta (BUL)"]
[Result "0-1"]
[WhiteElo "2211"]
[BlackElo "2444"]

1.c4 e5 2.Nc3 Nc6 3.Nf3 f5 4.d3 Nf6 5.g3 Bc5 6.e3 O-O 7.Bg2 f4 8.O-O fxe3
9.Bxe3 Bxe3 10.fxe3 d6 11.Qb3 Kh8 12.Ng5 h6 13.Nge4 Ne7 14.Nxf6 gxf6 15.Qd1 c6
16.Qh5 Kg7 17.Rae1 Be6 18.Bh3 Qd7 19.Bxe6 Qxe6 20.Re2 f5 21.b3 d5 22.c5 b5
23.cxb6 axb6 24.d4 Ng6 25.Na4 exd4 26.exd4 Qf6 27.Qf3 Qxd4+ 28.Qe3 Qxe3+
29.Rxe3 Rf6 30.Nxb6 Rxa2 31.Nd7 {#R} 0-1

[Event "It (open)"]
[Site "masterchessopen.com - Augsburg (Germany)"]
[Round "2"]
[White "Neumann Klaus"]
[Black "Vuckovic Aleksandar (GER)"]
[Result "0-1"]
[WhiteElo "1901"]
[BlackElo "2340"]

1.c4 e5 2.Nc3 Nc6 3.Nf3 f5 4.e3 Nf6 5.d4 e4 6.d5 exf3 7.dxc6 fxg2 8.cxd7+ Qxd7
9.Bxg2 Qxd1+ 10.Kxd1 c6 11.b3 Bc5 12.Bf3 O-O 13.Bb2 f4 14.Na4 Bd6 15.e4 Ng4
16.Ke2 Ne5 17.Rhg1 b6 18.Rad1 Bc7 19.h4 Ba6 20.Rg5 Rfe8 21.Bc3 Re7 22.Rgg1
Rae8 23.Bh1 Bc8 24.f3 Be6 25.Bg2 Bf7 26.Nb2 Bh5 27.Kf2 Rd8 28.Rxd8+ Bxd8
29.Bxe5 Rxe5 30.Rd1 Bxh4+ 31.Ke2 Rxe4+ 32.Kf1 Re3 {#R} 0-1

[Event "It (open)"]
[Site "masterchessopen.com - Bern (Switzerland)"]
[Round "2"]
[White "Baerenfaller Beat"]
[Black "Yeo Michael J (ENG)"]
[Result "0-1"]
[WhiteElo "1996"]
[BlackElo "2207"]

1.c4 e5 2.Nc3 Nc6 3.Nf3 f5 4.d4 e4 5.d5 exf3 6.dxc6 bxc6 7.exf3 Bb4 8.Be2 Qf6
9.Bd2 Ne7 10.O-O O-O 11.Re1 Rb8 12.Rb1 d5 13.a3 Bd6 14.cxd5 cxd5 15.Be3 Be6
16.Bd4 Qh6 17.g3 f4 18.Bf1 c5 19.Be5 Bxe5 20.Rxe5 Nc6 21.Re1 Nd4 22.g4 Qf6
23.Bg2 h5 24.h3 Rbd8 25.b4 hxg4 26.hxg4 Bxg4 27.fxg4 f3 28.Bh1 Qh4 29.Re5 Rf4
{#R} 0-1

[Event "It (open)"]
[Site "masterchessopen.com - Dallas (USA)"]
[Round "4"]
[White "Wilson Neil"]
[Black "Pernes Bryan"]
[Result "0-1"]
[WhiteElo "1605"]
[BlackElo "1339"]

1.c4 e5 2.Nc3 Nc6 3.Nf3 f5 4.d3 Nf6 5.e4 d6 6.Be2 Be7 7.O-O O-O 8.a3 a5 9.b3
Be6 10.Bb2 Nd7 11.d4 exd4 12.Nxd4 Nxd4 13.Qxd4 Bf6 14.Qd2 Nc5 15.Qc2 Nxe4
16.Bf3 Bxc3 17.Bxc3 Nxc3 18.Qxc3 Ra7 19.c5 c6 20.Rfe1 Bf7 21.cxd6 Qxd6 22.Qe3
Raa8 23.Qe7 Qb8 24.Rad1 Re8 25.Qc5 Bxb3 26.Rc1 Rxe1+ 27.Rxe1 Qf8 28.Qc3 a4
29.h3 Re8 30.Rxe8 Qxe8 {#R} 0-1

[Event "It (open)"]
[Site "masterchessopen.com - Genoa (Italy)"]
[Round "6"]
[White "Chilingirova Pavlina (BUL)"]
[Black "Griffa Roberto (ITA)"]
[Result "1-0"]
[WhiteElo "2269"]
[BlackElo "2077"]

1.c4 e5 2.Nc3 Nc6 3.Nf3 f5 4.d3 Nf6 5.e3 Bb4 6.Qc2 O-O 7.a3 Bxc3+ 8.Qxc3 Qe8
9.Be2 d6 10.b4 f4 11.exf4 exf4 12.Bxf4 Ne4 13.dxe4 Rxf4 14.Nd2 Qg6 15.g3 Rf8
16.O-O Bh3 17.Rfe1 h5 18.c5 Ne5 19.Bf1 Bg4 20.f4 Qf6 21.Qe3 Nc6 22.Rac1 dxc5
23.Rxc5 Rad8 24.h3 Be6 25.Rxh5 Qb2 26.Nc4 Qa2 27.Rc5 Nd4 28.Rxc7 Rf7 29.Rxf7
Bxf7 30.Qc3 Nc2 31.Rc1 {#r} 1-0

[Event "It (open)"]
[Site "masterchessopen.com - Lugano (Switzerland)"]
[Round "1"]
[White "Camponovo D"]
[Black "Raupp Thomas (GER)"]
[Result "0-1"]
[WhiteElo "1810"]
[BlackElo "2331"]

1.c4 e5 2.Nc3 Nc6 3.Nf3 f5 4.d3 Nf6 5.g3 g6 6.Bg2 Bg7 7.Rb1 a5 8.O-O O-O 9.e4
d6 10.a3 f4 11.gxf4 exf4 12.d4 Bg4 13.Qd3 Nd7 14.Ne2 g5 15.h3 Bh5 16.b4 axb4
17.axb4 Qf6 18.c5 Qh6 19.b5 Ne7 20.cxd6 cxd6 21.Ba3 Rf7 22.Rbc1 Ng6 23.Bxd6
Bxf3 24.Bxf3 Qxh3 25.Rc3 g4 26.Bh1 f3 27.Ng3 Rf6 28.e5 Ngxe5 29.dxe5 Rh6
30.Qd5+ Kh8 31.Qxb7 Qh2# 0-1

[Event "It (open)"]
[Site "masterchessopen.com - Sitges (Spain)"]
[Round "1"]
[White "Castillo Jose (NCA)"]
[Black "Moskalenko Viktor (UKR)"]
[Result "0-1"]
[WhiteElo "2285"]
[BlackElo "2508"]

1.c4 e5 2.Nc3 Nc6 3.Nf3 f5 4.e4 Nf6 5.exf5 Bc5 6.Be2 d6 7.O-O Bxf5 8.d3 O-O
9.Be3 Bg4 10.Ne4 Nxe4 11.dxe4 Bxf3 12.Bxf3 Nd4 13.Bxd4 Bxd4 14.Qe2 Qg5 15.Rad1
Rf6 16.Rd3 Raf8 17.Qd2 Qg6 18.Qe2 Qf7 19.Rb3 c6 20.Rd1 a6 21.Rc1 Kh8 22.a4 g5
23.h3 h5 24.Kh1 Rh6 25.Qd2 Qg7 26.h4 g4 27.Rxb7 Qf6 28.Bxg4 {#R} 0-1

[Event "Extra League 2000/01"]
[Site "masterchessopen.com - Slovakia"]
[Round "5"]
[White "David Pavel (CZE)"]
[Black "Gazik Igor (SVK)"]
[Result "0-1"]
[WhiteElo "2436"]
[BlackElo "2372"]

1.c4 e5 2.Nc3 Nc6 3.Nf3 f5 4.d4 e4 5.Bg5 Be7 6.Bxe7 Ncxe7 7.Nd2 Nf6 8.e3 c6
9.g4 Nxg4 10.Ndxe4 d5 11.Ng5 Ng6 12.Nf3 f4 13.e4 dxe4 14.Nxe4 O-O 15.Qc2 Bf5
16.Bd3 Nh4 17.Nxh4 Qxh4 18.O-O-O Bxe4 19.Bxe4 Nxf2 20.d5 f3 {#R} 0-1

[Event "It (open)"]
[Site "masterchessopen.com - Southend (England)"]
[Round "7"]
[White "Williams Simon (ENG)"]
[Black "Ledger Stephen (ENG)"]
[Result "1-0"]
[WhiteElo "2353"]
[BlackElo "2200"]

1.c4 e5 2.Nc3 Nc6 3.Nf3 f5 4.d4 e4 5.Ng5 Nf6 6.e3 Bb4 7.Bd2 Bxc3 8.Bxc3 Ne7
9.d5 Ng6 10.d6 h6 11.dxc7 Qxc7 12.Bxf6 gxf6 13.Qh5 Qa5+ 14.Kd1 Rg8 15.Nxe4 Qe5
16.Qxf5 Qxf5 17.Nd6+ {#r} 1-0

[Event "Ch Russia (juniors) (under 16)"]
[Site "masterchessopen.com - Cherepovets (Russia)"]
[Round "0"]
[White "Safronov Andrey (RUS)"]
[Black "Zelensky Sergey (RUS)"]
[Result "0-1"]
[WhiteElo "2245"]
[BlackElo "2153"]

1.c4 e5 2.Nc3 Nc6 3.Nf3 f5 4.d4 e4 5.d5 exf3 6.dxc6 bxc6 7.exf3 Nf6 8.Bg5 Be7
9.Bd3 d6 10.Qc2 g6 11.Bh6 Kf7 12.O-O Re8 13.c5 d5 14.Ne2 Nh5 15.Nd4 Bd7 16.Ba6
Bf6 17.Qd2 Rb8 18.Rab1 Ng7 19.b4 Ne6 20.Be3 Nxd4 21.Bxd4 Bxd4 22.Qxd4 Qf6
23.Rfd1 Re1+ 24.Bf1 Qxd4 25.Rxd4 Rxb1 {#R} 0-1

[Event "Ch France (team) (nat.3) 2001"]
[Site "masterchessopen.com - France"]
[Round "9"]
[White "Demanghon Jonathan (FRA)"]
[Black "Capitaine Adrien (FRA)"]
[Result "0-1"]
[WhiteElo "2149"]
[BlackElo "2120"]

1.c4 e5 2.Nc3 Nc6 3.Nf3 f5 4.d4 e4 5.Ne5 Nf6 6.Bg5 Be7 7.e3 O-O 8.c5 Kh8 9.h3
Nxe5 10.dxe5 Ne8 11.Bxe7 Qxe7 12.Qd4 b6 13.cxb6 axb6 14.Bc4 Bb7 15.O-O c5
16.Nd5 cxd4 17.Nxe7 d3 18.f3 Nc7 19.fxe4 Bxe4 20.g4 g6 21.gxf5 gxf5 22.Rf4
Rae8 23.Nxf5 Bxf5 24.Raf1 d2 25.Bb3 d1=Q 26.Bxd1 Rg8+ 27.Kh2 Bd3 28.R1f2 Rxe5
29.Rf7 Rxe3 30.Rxd7 Ne6 31.Bb3 Nc5 {#R} 0-1

[Event "Oberliga East A 2000/01"]
[Site "masterchessopen.com - Germany"]
[Round "10"]
[White "Romanow Werner (GER)"]
[Black "Spiegelberg Olaf (GER)"]
[Result "0-1"]
[WhiteElo "2115"]
[BlackElo "2057"]

1.c4 e5 2.Nc3 Nc6 3.Nf3 f5 4.d4 e4 5.Nd2 Nf6 6.e3 g6 7.g3 Bg7 8.Bg2 O-O 9.a3
d6 10.O-O Ne7 11.f3 exf3 12.Nxf3 c6 13.Qb3 Kh8 14.Bd2 Be6 15.Ng5 Bg8 16.Qa4
Nc8 17.b3 a5 18.b4 Nb6 19.Qc2 Nxc4 20.Nh3 d5 21.b5 Re8 22.bxc6 bxc6 23.Rfe1
Ng4 24.Nd1 c5 25.Qd3 Nxd2 26.Qxd2 cxd4 27.Rb1 dxe3 28.Qd3 d4 29.Bxa8 Qxa8
30.Nf4 {#R} 0-1

[Event "It (open)"]
[Site "masterchessopen.com - Philadelphia (USA)"]
[Round "3"]
[White "Greanias Steve (USA)"]
[Black "Friedman Aviv (ISR)"]
[Result "0-1"]
[WhiteElo "2218"]
[BlackElo "2345"]

1.c4 e5 2.Nc3 Nc6 3.Nf3 f5 4.d4 e4 5.Bg5 Be7 6.Bxe7 Ncxe7 7.Ng1 Nf6 8.e3 d5
9.cxd5 Nexd5 10.Qa4+ c6 11.Nxd5 Nxd5 12.Qa3 Be6 13.Ne2 a5 14.Qc5 Rc8 15.Nf4
Nxf4 16.exf4 Bd5 17.Be2 b6 18.Qc3 Qd6 19.g3 O-O 20.O-O Rfd8 21.Rfd1 h6 22.h4
g5 23.hxg5 hxg5 24.fxg5 f4 25.gxf4 Rf8 26.Qg3 Rxf4 27.Rac1 Rcf8 28.Rc3 Qg6
29.Bg4 Kg7 30.Bd7 Qh5 31.Rdc1 e3 32.Qh3 Rh4 {#R} 0-1

[Event "It (cat.7)"]
[Site "masterchessopen.com - Rijeka (Croatia)"]
[Round "4"]
[White "Bukal Vladimir (CRO)"]
[Black "Lovric Branko (CRO)"]
[Result "0-1"]
[WhiteElo "2437"]
[BlackElo "2372"]

1.c4 e5 2.Nc3 Nc6 3.Nf3 f5 4.d4 e4 5.Ng5 Bb4 6.Nh3 Nf6 7.Bg5 h6 8.Bxf6 Qxf6
9.e3 Bxc3+ 10.bxc3 g5 11.Ng1 d6 12.h4 Bd7 13.hxg5 hxg5 14.Rxh8+ Qxh8 15.Ne2
O-O-O 16.Qd2 Qh4 17.Ng1 Na5 18.O-O-O Ba4 19.Re1 Bb3 20.g3 Qh2 21.Nh3 Bxc4
22.Nxg5 Qh6 23.Bxc4 Nxc4 24.Qe2 d5 25.Nf7 Qf8 26.Ne5 Qa3+ 27.Kb1 Nxe5 28.dxe5
Qxc3 {#R} 0-1

[Event "It (open) (juniors) (under 20)"]
[Site "masterchessopen.com - Wiesbaden (Germany)"]
[Round "1"]
[White "Zefferer Rolf (GER)"]
[Black "Ikonnikov Vyacheslav (RUS)"]
[Result "0-1"]
[WhiteElo "2000"]
[BlackElo "2509"]

1.c4 e5 2.Nc3 Nc6 3.Nf3 f5 4.d3 Nf6 5.g3 Bb4 6.Bd2 O-O 7.Bg2 d6 8.O-O Kh8 9.a3
Bxc3 10.Bxc3 f4 11.Ng5 Qe8 12.b4 Qh5 13.Ne4 Bh3 14.Nxf6 Rxf6 15.Bf3 Bg4
16.Bxg4 Qxg4 17.Kg2 Rh6 18.h4 Rxh4 {#R} 0-1

[Event "It (cat.10)"]
[Site "masterchessopen.com - Wijk aan Zee (Netherlands)"]
[Round "11"]
[White "Hoeksema Hendrik Pieter (NED)"]
[Black "De Vreugt Dennis (NED)"]
[Result "0-1"]
[WhiteElo "2360"]
[BlackElo "2437"]

1.c4 e5 2.Nc3 Nc6 3.Nf3 f5 4.d4 e4 5.Bg5 Nf6 6.Ne5 Be7 7.e3 O-O 8.Be2 d6
9.Nxc6 bxc6 10.Qa4 Bd7 11.O-O-O c5 12.Qa5 cxd4 13.Rxd4 Be6 14.Rhd1 Qb8 15.Nd5
Nxd5 16.cxd5 Bxg5 17.dxe6 Be7 18.Rb4 Qe8 19.Kb1 c6 20.Rb7 d5 21.Qc7 Bf6 22.Rc1
Qxe6 23.Rxc6 Qf7 24.Qxf7+ Rxf7 25.Rxf7 Kxf7 26.Rd6 Rd8 27.Rxd8 Bxd8 28.b4 Bc7
29.h3 Bh2 {#R} 0-1

[Event "It (open)"]
[Site "masterchessopen.com - Bad Wiessee (Germany)"]
[Round "5"]
[White "Kick Joachim (GER)"]
[Black "Smith Bryan G (USA)"]
[Result "0-1"]
[WhiteElo "2153"]
[BlackElo "2312"]

1.c4 e5 2.Nc3 Nc6 3.Nf3 f5 4.d4 e4 5.Ng5 Nf6 6.e3 h6 7.Nh3 g5 8.f3 exf3 9.Qxf3
d6 10.Nf2 Be6 11.Bd3 Qd7 12.Nd5 Bg7 13.O-O O-O 14.Bd2 Rae8 15.Nh1 f4 16.Nxf6+
Bxf6 17.exf4 Nxd4 18.Qe4 Bg4 19.Qg6+ Qg7 20.Qxg7+ Kxg7 21.fxg5 Ne2+ 22.Bxe2
Bd4+ 23.Nf2 Bxe2 24.Bc3 Bxc3 25.gxh6+ Kxh6 26.bxc3 Bxf1 27.Kxf1 Re4 28.Rb1 b6
29.Rb2 Rxc4 30.Rc2 Re8 {#R} 0-1

[Event "It (open) \"]
[Site "masterchessopen.com - Baden-Baden (Germany)"]
[Round "3"]
[White "Roth Markus (GER)"]
[Black "Ikonnikov Vyacheslav (RUS)"]
[Result "0-1"]
[WhiteElo "2224"]
[BlackElo "2542"]

1.c4 e5 2.Nc3 Nc6 3.Nf3 f5 4.d4 e4 5.Ng5 h6 6.Nh3 g5 7.Ng1 Bg7 8.e3 Nf6 9.h4
Ne7 10.d5 gxh4 11.Be2 O-O 12.Rxh4 d6 13.Qc2 c6 14.dxc6 bxc6 15.Bd2 Ng6 16.Rh1
Be6 17.Nh3 Rb8 18.O-O-O Qe7 19.f3 d5 20.g4 fxg4 21.fxg4 Nxg4 22.Rdg1 h5 23.Nd1
Bf5 24.Bc3 Rf7 25.Bxg4 hxg4 26.Qh2 Bxc3 27.Nxc3 Qe5 28.Nf4 Nxf4 29.exf4 Qg7
30.cxd5 cxd5 31.Nxd5 e3 32.Nc3 Rc8 {#R} 0-1

[Event "It (open)"]
[Site "masterchessopen.com - Bergen (Norway)"]
[Round "2"]
[White "Bern Ivar (NOR)"]
[Black "Holder Hovard (NOR)"]
[Result "1-0"]
[WhiteElo "2357"]
[BlackElo "2058"]

1.c4 e5 2.Nc3 Nc6 3.Nf3 f5 4.g3 Nf6 5.d4 e4 6.Nh4 d5 7.Bg5 dxc4 8.e3 Be7
9.Bxc4 Ng4 10.h3 Bxg5 11.hxg4 f4 12.Ng6 fxe3 13.Nxh8 Qxd4 14.Qxd4 Nxd4 15.Kf1
Bxg4 16.Rxh7 Nc2 17.Nf7 Nxa1 18.Rh8+ Ke7 19.Rxa8 Bh3+ 20.Kg1 exf2+ 21.Kxf2 e3+
22.Kf3 Bf6 23.Rxa7 Nc2 24.Nd5+ Kd7 25.Rxb7 Nd4+ 26.Kxe3 Nf5+ 27.Kd2 {#r} 1-0

[Event "It (open)"]
[Site "masterchessopen.com - Saint-Affrique (France)"]
[Round "3"]
[White "Planell Eric (FRA)"]
[Black "Lazic Miroljub (SRB)"]
[Result "0-1"]
[WhiteElo "2195"]
[BlackElo "2518"]

1.c4 e5 2.Nc3 Nc6 3.Nf3 f5 4.d3 Nf6 5.g3 Bb4 6.Bg2 e4 7.dxe4 Nxe4 8.Qd3 Qf6
9.O-O Bxc3 10.bxc3 d6 11.Nd4 Ne5 12.Qc2 O-O 13.c5 Nxc5 14.f4 Ned7 15.Bb2 Nb6
16.a4 Qf7 17.c4 Nxc4 18.Rfc1 Ne3 19.Qc3 Nxg2 20.Kxg2 b6 {#R} 0-1

[Event "Ch Russia (1/2 final)"]
[Site "masterchessopen.com - Tula (Russia)"]
[Round "1"]
[White "Sapunov Evgeny (RUS)"]
[Black "Krassilnikov Evgeni (RUS)"]
[Result "1-0"]
[WhiteElo "2476"]
[BlackElo "2320"]

1.c4 e5 2.Nc3 Nc6 3.Nf3 f5 4.d4 e4 5.Ng5 Nf6 6.a3 a5 7.Nh3 d6 8.Nf4 Be7 9.e3
O-O 10.Be2 Re8 11.h3 Bf8 12.g4 Kh8 13.b3 Ng8 14.Bb2 Bd7 15.Qc2 Nce7 16.g5 c6
17.d5 cxd5 18.cxd5 Rc8 19.h4 Ng6 20.Nxg6+ hxg6 21.Qd1 Be7 22.Qd4 Bf8 23.Bc4
Qe7 24.Ne2 Qf7 25.Nf4 Ne7 26.h5 gxh5 27.Be2 {#r} 1-0